[Event "EU-ch Blitz"]
[Site "Zagreb"]
[Date "2023.12.16"]
[Round "4"]
[White "Safarli, Eltaj"]
[Black "Sutbas, Batuhan"]
[Result "1-0"]
[WhiteElo "2609"]
[BlackElo "1705"]
[PlyCount "80"]
[EventDate "2023.12.16"]
[EventType "swiss (blitz)"]
[EventRounds "13"]
[EventCountry "CRO"]
[SourceTitle "CB51_2023"]
[SourceDate "2023.12.20"]
[SourceVersion "1"]
[SourceVersionDate "2023.12.20"]
[SourceQuality "1"]

1. e4 e5 2. Nf3 Nc6 3. Bb5 a6 4. Ba4 Nf6 5. Nc3 b5 6. Bb3 Be7 7. a4 b4 8. Nd5 0-0 9. Nxf6+ Bxf6 10. Bd5 Rb8 11. 0-0 Nd4 12. Nxd4 exd4 13. d3 c6 14. Bb3 d6 15. f4 Be6 16. Bxe6 fxe6 17. b3 Qa5 18. Qg4 Rbe8 19. Bd2 Qc5 20. Rac1 a5 21. Qh3 Bd8 22. Rf2 Rf6 23. Re2 Rg6 24. e5 d5 25. f5 exf5 26. Qxf5 Qf8 27. Qh5 Qe7 28. Rf1 Qh4 29. Qf5 Qe7 30. Ref2 c5 31. h4 Re6 32. Bg5 Rxe5 33. Bxe7 Rxf5 34. Rxf5 Bxe7 35. Re1 c4 36. Rxd5 Kf7 37. Rf5+ Kg6 38. Rfe5 cxd3 39. cxd3 Kf6 40. g3 h6 1-0

[Event "EU-ch Blitz"]
[Site "Katowice"]
[Date "2022.12.16"]
[Round "3"]
[White "Sutbas, Batuhan"]
[Black "Drozdowski, Kacper"]
[Result "0-1"]
[WhiteElo "1705"]
[BlackElo "2448"]
[PlyCount "64"]
[EventDate "2022.12.16"]
[EventType "swiss (blitz)"]
[EventRounds "22"]
[EventCountry "POL"]
[SourceTitle "CBM 211 Extra"]
[Source "ChessBase"]
[SourceDate "2023.01.31"]
[SourceVersion "1"]
[SourceVersionDate "2023.01.31"]
[SourceQuality "1"]

1. e4 c5 2. b4 b6 3. bxc5 bxc5 4. d4 cxd4 5. c3 Bb7 6. Bd3 Nc6 7. Nf3 Nf6 8. e5 Nd5 9. cxd4 e6 10. 0-0 Be7 11. Nbd2 Ncb4 12. Ne4 Nxd3 13. Qxd3 Nb4 14. Qb1 h6 15. Ba3 Bxe4 16. Qxe4 Nd5 17. Bxe7 Qxe7 18. Rfc1 0-0 19. g3 Rab8 20. Rc2 Qa3 21. Kg2 Rfc8 22. Rac1 Qxc1 23. Rxc1 Rxc1 24. g4 Rb2 25. g5 Re2 26. Qh4 Ne3+ 27. Kh3 Nf5 28. Qh5 g6 29. Qg4 h5 30. Qg2 Rcc2 31. Nh4 Rc3+ 32. Nf3 Nxd4 0-1

[Event "World Amateur-ch U1700"]
[Site "Cagliari"]
[Date "2018.04.27"]
[Round "7"]
[White "Sutbas, Batuhan"]
[Black "Arevalo Perez, Luis Alexander"]
[Result "1-0"]
[WhiteElo "1675"]
[BlackElo "1689"]
[PlyCount "75"]
[EventDate "2018.04.22"]
[EventType "swiss"]
[EventRounds "9"]
[EventCountry "ITA"]
[SourceTitle "CBM 184 Extra"]
[Source "ChessBase"]
[SourceDate "2018.06.28"]
[SourceVersion "1"]
[SourceVersionDate "2018.06.28"]
[SourceQuality "1"]

1. e4 e6 2. d4 d5 3. Nd2 c5 4. Ngf3 Nc6 5. c3 Nf6 6. e5 Nd7 7. Bd3 Qb6 8. 0-0 cxd4 9. cxd4 Nxd4 10. Nxd4 Qxd4 11. Nf3 Qb6 12. Qa4 Qb4 13. Qc2 Be7 14. h3 h6 15. Bd2 Qb6 16. Qa4 Kf8 17. b4 Qc7 18. Rac1 Qb8 19. Rc2 Nb6 20. Qa5 Bd7 21. Be3 Bd8 22. Bc5+ Kg8 23. Qa3 Nc4 24. Bxc4 dxc4 25. Rxc4 Bc7 26. Rc2 Bd8 27. Rc4 Bc7 28. Rd4 Bb5 29. Rfd1 Kh7 30. Qe3 Bc6 31. Nh2 Bxe5 32. Ng4 Bxd4 33. Bxd4 Rd8 34. Re1 f5 35. Bxg7 fxg4 36. Qxh6+ Kg8 37. Bf6 Rd7 38. Qh8+ 1-0